[Event "Belgrade Trophy 32nd"]
[Site "Belgrade"]
[Date "2018.11.28"]
[Round "5"]
[White "Stankovic, Milos M"]
[Black "Stefanovic, Milan"]
[Result "0-1"]
[WhiteElo "2133"]
[BlackElo "1957"]
[PlyCount "64"]
[EventDate "2018.11.24"]
[EventType "swiss"]
[EventRounds "9"]
[EventCountry "SRB"]
[SourceTitle "CBM 187 Extra"]
[Source "ChessBase"]
[SourceDate "2018.11.04"]
[SourceVersion "1"]
[SourceVersionDate "2018.11.04"]
[SourceQuality "1"]

1. c4 Nf6 2. Nc3 g6 3. d4 Bg7 4. e4 d6 5. f3 0-0 6. Be3 e5 7. d5 Nh5 8. Qd2 f5 9. Bd3 f4 10. Bf2 Nd7 11. Nge2 a6 12. a3 b6 13. b4 a5 14. 0-0 Qe7 15. Nb5 Ndf6 16. c5 bxc5 17. bxc5 Ne8 18. c6 g5 19. Na7 Rxa7 20. Bxa7 g4 21. Bf2 Bh6 22. Rfb1 Qg7 23. Kf1 g3 24. hxg3 fxg3 25. Be3 Bh3 26. Bxh6 Rxf3+ 27. Kg1 Qf6 28. Rf1 Rf2 29. gxh3 Qf3 30. Nf4 Nxf4 31. Rxf2 gxf2+ 32. Qxf2 Nxh3+ 0-1

[Event "Belgrade Trophy 29th"]
[Site "Belgrade"]
[Date "2015.11.27"]
[Round "4"]
[White "Stefanovic, Milan"]
[Black "Rajkovic, Mladen"]
[Result "0-1"]
[WhiteElo "2039"]
[BlackElo "2350"]
[PlyCount "94"]
[EventDate "2015.11.24"]
[EventType "swiss"]
[EventRounds "9"]
[EventCountry "SRB"]
[SourceTitle "CBM 170 Extra"]
[Source "ChessBase"]
[SourceDate "2016.02.25"]
[SourceVersion "1"]
[SourceVersionDate "2016.02.25"]
[SourceQuality "1"]

1. d4 c5 2. c3 e6 3. Nf3 Nf6 4. Bf4 cxd4 5. cxd4 b6 6. e3 Bb7 7. a3 d6 8. Bd3 Be7 9. h3 Nbd7 10. 0-0 Ne4 11. Bxe4 Bxe4 12. Nc3 Bb7 13. Rc1 a6 14. Qe2 b5 15. Rfd1 0-0 16. e4 Nb6 17. Re1 Rc8 18. Na2 Qd7 19. Rxc8 Rxc8 20. Rc1 Rxc1+ 21. Bxc1 Qc7 22. Nc3 h6 23. Bf4 Qc4 24. Qxc4 Nxc4 25. Bc1 Kf8 26. Nd2 Na5 27. b4 Nc6 28. Nb3 Ke8 29. Be3 Kd7 30. f4 Bd8 31. e5 Ne7 32. exd6 Kxd6 33. Nc5 Bc8 34. g4 Kc6 35. Nb3 Nd5 36. Nd1 Bc7 37. Bd2 Nxf4 38. Bxf4 Bxf4 39. Nc3 Kb6 40. Kf2 Bb7 41. Nc5 Bc6 42. Nd3 Bd2 43. Nb1 Bg5 44. Nc3 a5 45. bxa5+ Kxa5 46. Ne5 Be8 47. Nd3 Be7 0-1

[Event "Belgrade Trophy 26th"]
[Site "Belgrade"]
[Date "2012.11.29"]
[Round "6"]
[White "Savicevic, Vlatko"]
[Black "Stefanovic, Milan"]
[Result "1-0"]
[WhiteElo "2310"]
[BlackElo "2069"]
[PlyCount "81"]
[EventDate "2012.11.24"]
[EventType "swiss"]
[EventRounds "9"]
[EventCountry "SRB"]
[SourceTitle "CBM 151 Extra"]
[Source "ChessBase"]
[SourceDate "2012.12.18"]
[SourceVersion "1"]
[SourceVersionDate "2012.12.18"]
[SourceQuality "1"]

1. e4 d6 2. d4 Nf6 3. Nc3 e5 4. dxe5 dxe5 5. Qxd8+ Kxd8 6. Bg5 Be6 7. 0-0-0+ Nbd7 8. f4 exf4 9. Nf3 h6 10. Bxf4 a6 11. a3 Ng4 12. Rd2 g5 13. Bg3 Bc5 14. h3 Ngf6 15. Nd4 Bxd4 16. Rxd4 Nh5 17. Bh2 Nf4 18. Bxf4 gxf4 19. Ne2 Ke7 20. Nxf4 c6 21. Be2 Ne5 22. Rhd1 Rad8 23. b4 Rxd4 24. Rxd4 Rg8 25. g4 Rd8 26. Rxd8 Kxd8 27. Kd2 Ke7 28. Ke3 Kd6 29. Kd4 b5 30. Nxe6 fxe6 31. c4 Nd7 32. e5+ Ke7 33. h4 Kf7 34. Bf3 bxc4 35. Bxc6 c3 36. Be4 Kg7 37. Bc2 Kf7 38. a4 Ke7 39. a5 Kf7 40. Bd3 Ke7 41. g5 1-0

[Event "Belgrade Trophy 26th"]
[Site "Belgrade"]
[Date "2012.11.27"]
[Round "4"]
[White "Injac, Teodora"]
[Black "Stefanovic, Milan"]
[Result "0-1"]
[WhiteElo "1711"]
[BlackElo "2069"]
[PlyCount "78"]
[EventDate "2012.11.24"]
[EventType "swiss"]
[EventRounds "9"]
[EventCountry "SRB"]
[SourceTitle "CBM 151 Extra"]
[Source "ChessBase"]
[SourceDate "2012.12.18"]
[SourceVersion "1"]
[SourceVersionDate "2012.12.18"]
[SourceQuality "1"]

1. e4 d6 2. d4 Nf6 3. Nc3 e5 4. Nf3 Nbd7 5. Bc4 Be7 6. 0-0 0-0 7. Re1 c6 8. a4 a5 9. h3 Qc7 10. Ba2 exd4 11. Nxd4 Nc5 12. Bf4 Nfd7 13. Nf5 Ne5 14. Bh2 Bxf5 15. exf5 Bf6 16. f4 Ned7 17. Bb3 d5 18. g4 Qb6 19. Kg2 Bxc3 20. bxc3 Rae8 21. Bg1 Qc7 22. Qf3 Ne4 23. g5 Ndc5 24. Bxc5 Nxc5 25. Qg4 Re4 26. Rxe4 Nxe4 27. f6 Qb6 28. Rf1 Qe3 29. fxg7 Kxg7 30. f5 Qd2+ 31. Kg1 Qxg5 32. Qxg5+ Nxg5 33. h4 Ne4 34. c4 dxc4 35. Bxc4 Kf6 36. Bd3 Rg8+ 37. Kh2 Nc5 38. Rf4 Rd8 39. Bf1 Rd2+ 0-1

[Event "Belgrade Spring op"]
[Site "Belgrade"]
[Date "2012.03.31"]
[Round "8"]
[White "Stefanovic, Milan"]
[Black "Stamatovic, Aleksandar"]
[Result "0-1"]
[WhiteElo "2075"]
[BlackElo "2214"]
[PlyCount "64"]
[EventDate "2012.03.24"]
[EventType "swiss"]
[EventRounds "9"]
[EventCountry "SRB"]
[SourceTitle "CBM 147 Extra"]
[Source "ChessBase"]
[SourceDate "2012.04.24"]
[SourceVersion "1"]
[SourceVersionDate "2012.04.24"]
[SourceQuality "1"]

1. d4 Nf6 2. Nf3 g6 3. c4 Bg7 4. Nc3 0-0 5. e4 d6 6. Be2 Nbd7 7. 0-0 e5 8. Qc2 exd4 9. Nxd4 Nc5 10. Be3 Ng4 11. Bxg4 Bxg4 12. f3 Bd7 13. Rad1 Re8 14. Nb3 Ne6 15. c5 dxc5 16. Nxc5 Nxc5 17. Bxc5 b6 18. Be3 c6 19. Qd2 Be6 20. Qf2 Qe7 21. h3 Rad8 22. f4 Qb4 23. f5 Bc4 24. fxg6 hxg6 25. Rxd8 Rxd8 26. Nd5 cxd5 27. Qxf7+ Kh7 28. Rf6 dxe4 29. Qxg6+ Kg8 30. Bh6 Qe7 31. Rc6 Rd1+ 32. Kh2 Qe5+ 0-1

[Event "Belgrade Spring op"]
[Site "Belgrade"]
[Date "2012.03.30"]
[Round "7"]
[White "Jovanovic, Aleksandar D"]
[Black "Stefanovic, Milan"]
[Result "1/2-1/2"]
[WhiteElo "2220"]
[BlackElo "2075"]
[PlyCount "162"]
[EventDate "2012.03.24"]
[EventType "swiss"]
[EventRounds "9"]
[EventCountry "SRB"]
[SourceTitle "CBM 147 Extra"]
[Source "ChessBase"]
[SourceDate "2012.04.24"]
[SourceVersion "1"]
[SourceVersionDate "2012.04.24"]
[SourceQuality "1"]

1. e4 d6 2. d4 Nf6 3. Nc3 Nbd7 4. Nf3 e5 5. Bc4 Be7 6. 0-0 0-0 7. Qe2 c6 8. a4 a5 9. Rd1 Qc7 10. h3 exd4 11. Nxd4 Nc5 12. Qf3 Nfd7 13. Qg3 Ne5 14. Be2 Bf6 15. Be3 Qe7 16. Rd2 Ng6 17. f3 d5 18. Qf2 dxe4 19. Nxc6 bxc6 20. Bxc5 e3 21. Qxe3 Qxe3+ 22. Bxe3 Rb8 23. Nd1 Bxb2 24. Rb1 Be5 25. Rxb8 Bxb8 26. Bb6 Bf4 27. Rd4 Bf5 28. Bd3 Bxd3 29. Rxd3 h6 30. Bxa5 Ra8 31. Rd8+ Rxd8 32. Bxd8 Ne5 33. Nb2 Be3+ 34. Kf1 Bd4 35. Nd3 Nc4 36. Nb4 Ne3+ 37. Ke2 c5 38. Nc6 Nxc2 39. Kd3 Ne1+ 40. Kc4 Nxg2 41. Nxd4 cxd4 42. a5 Nf4 43. a6 d3 44. Kc3 Nd5+ 45. Kxd3 Nb4+ 46. Kc4 Nxa6 47. Kd4 Nb8 48. Ke4 Nc6 49. Bb6 Ne7 50. Bc5 Ng6 51. Kf5 Nf8 52. Bd6 g6+ 53. Ke5 Nd7+ 54. Kf4 Kg7 55. Bb4 f6 56. Ke4 f5+ 57. Kf4 Kf7 58. h4 Ke6 59. Kg3 g5 60. Bc3 f4+ 61. Kg4 Nf6+ 62. Kh3 Kf5 63. hxg5 hxg5 64. Bd4 Nd5 65. Bc5 Ne3 66. Bd4 Nd5 67. Bc5 Nf6 68. Bd4 Nd5 69. Bc5 Nc3 70. Bb4 Nd1 71. Bc5 Ne3 72. Bb4 g4+ 73. fxg4+ Nxg4 74. Bd6 Ne5 75. Kg2 Ke4 76. Bxe5 Kxe5 77. Kf3 Kf5 78. Kf2 Kg4 79. Kg2 f3+ 80. Kf2 Kf4 81. Kf1 Kg3 1/2-1/2

[Event "Belgrade Trophy 25th"]
[Site "Obrenovac"]
[Date "2011.11.28"]
[Round "5"]
[White "Stefanovic, Milan"]
[Black "Kiroski, Toni"]
[Result "0-1"]
[WhiteElo "2046"]
[BlackElo "2351"]
[PlyCount "112"]
[EventDate "2011.11.24"]
[EventType "swiss"]
[EventRounds "9"]
[EventCountry "YUG"]
[SourceTitle "CBM 145 Extra"]
[Source "ChessBase"]
[SourceDate "2012.01.03"]
[SourceVersion "1"]
[SourceVersionDate "2012.01.03"]
[SourceQuality "1"]

1. d4 f5 2. Nf3 Nf6 3. Bf4 g6 4. e3 Bg7 5. h3 d6 6. c4 0-0 7. Nc3 c6 8. Bd3 Qe8 9. 0-0 Nh5 10. d5 e5 11. dxe6 Nxf4 12. exf4 Qxe6 13. Re1 Qf6 14. Qe2 Na6 15. Rad1 Bd7 16. Qe7 Rad8 17. Bb1 Qxe7 18. Rxe7 Bxc3 19. bxc3 Rfe8 20. Rde1 Nc5 21. Bc2 Rxe7 22. Rxe7 Re8 23. Re3 Be6 24. Ng5 Bf7 25. Nxf7 Kxf7 26. Rxe8 Kxe8 27. f3 Ne6 28. g3 Ng7 29. g4 h5 30. Kf2 h4 31. Ke3 Ke7 32. Bd3 Kf6 33. Bc2 Ne6 34. Bd3 a6 35. Bc2 Nc7 36. Bb3 Ne6 37. Bc2 Nc5 38. Kd4 Nd7 39. Ke3 Nf8 40. Kd4 Nd7 41. Ke3 Nb6 42. Bb3 d5 43. Kd4 dxc4 44. Bxc4 Nxc4 45. Kxc4 b6 46. a4 Ke6 47. Kd4 Kd6 48. c4 c5+ 49. Kc3 Kc6 50. Kb3 b5 51. Kc3 bxc4 52. Kxc4 Kd6 53. a5 Kc6 54. g5 Kd6 55. Kc3 Kd5 56. Kd3 c4+ 0-1

[Event "Belgrade Trophy 25th"]
[Site "Obrenovac"]
[Date "2011.11.24"]
[Round "1"]
[White "Savic, Miodrag R"]
[Black "Stefanovic, Milan"]
[Result "1-0"]
[WhiteElo "2523"]
[BlackElo "2046"]
[PlyCount "73"]
[EventDate "2011.11.24"]
[EventType "swiss"]
[EventRounds "9"]
[EventCountry "YUG"]
[SourceTitle "CBM 145 Extra"]
[Source "ChessBase"]
[SourceDate "2012.01.03"]
[SourceVersion "1"]
[SourceVersionDate "2012.01.03"]
[SourceQuality "1"]

1. e4 d6 2. Bc4 Nf6 3. d3 e5 4. Nf3 Be7 5. 0-0 0-0 6. Re1 Nc6 7. c3 Na5 8. Bb5 a6 9. Ba4 b5 10. Bc2 c5 11. Nbd2 Bb7 12. d4 Nc6 13. d5 Nb8 14. Nf1 Nbd7 15. h3 Nb6 16. g4 Bc8 17. Ng3 h6 18. Kh2 Nh7 19. Nf5 Bxf5 20. gxf5 Kh8 21. Rg1 Nd7 22. Be3 Rg8 23. Qe2 Bf6 24. Rg2 Qe7 25. Rag1 Rgb8 26. Nd2 Bg5 27. Bxg5 Nxg5 28. Bd1 Nf6 29. h4 Ngh7 30. Rxg7 Rg8 31. Rxg8+ Rxg8 32. Rg3 h5 33. Qe3 Ng4+ 34. Bxg4 hxg4 35. Qh6 Qf6 36. Qh5 a5 37. Nf1 1-0

[Event "SRB-chT3 Liga Nord CS"]
[Site "Serbia"]
[Date "2011.09.18"]
[Round "2.6"]
[White "Stefanovic, Milan"]
[Black "Stankovic, Zoran"]
[Result "1/2-1/2"]
[WhiteElo "2046"]
[BlackElo "2099"]
[PlyCount "85"]
[EventDate "2011.09.11"]
[EventType "team"]
[EventRounds "11"]
[EventCountry "SRB"]
[SourceTitle "EXT 2015"]
[Source "ChessBase"]
[SourceDate "2014.11.20"]
[SourceVersion "1"]
[SourceVersionDate "2014.11.20"]
[SourceQuality "1"]

1. d4 Nf6 2. Nf3 d6 3. c4 Nbd7 4. Nc3 e5 5. d5 Be7 6. e4 Nc5 7. Qc2 a5 8. Be2 0-0 9. Be3 b6 10. h3 h6 11. 0-0-0 Nh7 12. g4 Ng5 13. Nd2 Nh7 14. Rdg1 Bg5 15. Nf1 Re8 16. Kb1 Nf8 17. Qd2 Ng6 18. Ng3 Bd7 19. Nf5 Qf6 20. Rg3 Bf4 21. Rg2 Nh4 22. Nxh4 Bxe3 23. Qxe3 Qxh4 24. g5 hxg5 25. Rxg5 Qf4 26. Rhg1 g6 27. h4 Qxh4 28. Qf3 Kg7 29. Qg2 Kf6 30. Rg3 Rh8 31. f4 exf4 32. Rf3 g5 33. Rff1 Qh6 34. Rh1 Qg6 35. Qf2 Kg7 36. Qd4+ f6 37. Bd1 Rxh1 38. Rxh1 Re8 39. Bh5 Qh7 40. Bf3 Qg6 41. Bh5 Qh7 42. Bf3 Qg6 43. Bh5 1/2-1/2

[Event "Belgrade Trophy 23rd"]
[Site "Obrenovac"]
[Date "2010.11.28"]
[Round "5"]
[White "Stefanovic, Milan"]
[Black "Markovic, Aleksandar"]
[Result "1-0"]
[WhiteElo "2020"]
[BlackElo "1838"]
[PlyCount "126"]
[EventDate "2010.11.24"]
[EventType "swiss"]
[EventRounds "9"]
[EventCountry "YUG"]
[SourceTitle "CBM 139 Extra"]
[Source "ChessBase"]
[SourceDate "2011.01.05"]
[SourceVersion "1"]
[SourceVersionDate "2011.01.05"]
[SourceQuality "1"]

1. d4 Nf6 2. Nf3 g6 3. c4 Bg7 4. Nc3 0-0 5. e4 d6 6. Be2 e5 7. 0-0 Nh5 8. g3 Bh3 9. Re1 exd4 10. Nxd4 Nf6 11. Be3 Nc6 12. Nxc6 bxc6 13. f3 Be6 14. Qd2 a5 15. Rad1 Nd7 16. b3 Ne5 17. Rf1 c5 18. Bg5 f6 19. Be3 Nc6 20. Nd5 Kh8 21. Nc3 f5 22. Bg5 Qd7 23. Kh1 Nd4 24. Bd3 Rae8 25. Rde1 fxe4 26. Bxe4 Bf5 27. Bf4 Be5 28. Bxf5 Qxf5 29. Bxe5+ Rxe5 30. Rxe5 Qxe5 31. f4 Qe8 32. Re1 Qd7 33. Kg2 Re8 34. Nd5 Re6 35. Qxa5 c6 36. Rxe6 Nxe6 37. Qc3+ Nd4 38. Ne3 Qe6 39. Qd3 d5 40. cxd5 cxd5 41. b4 Qc6 42. Qc3 Qe6 43. bxc5 Qe4+ 44. Kh3 Kg8 45. Ng4 Kf8 46. c6 h5 47. Nf2 Qe6+ 48. Kg2 Nxc6 49. Qc5+ Kf7 50. a4 h4 51. g4 Ne7 52. a5 Qe2 53. Qd4 g5 54. fxg5 h3+ 55. Kg3 Qf1 56. Nxh3 Qe1+ 57. Qf2+ Qxf2+ 58. Kxf2 Kg6 59. Ke3 d4+ 60. Kd3 Nc6 61. a6 Nb4+ 62. Kxd4 Nxa6 63. Ke4 Nc5+ 1-0

[Event "Belgrade op"]
[Site "Belgrade"]
[Date "2009.11.28"]
[Round "5"]
[White "Nestorovic, Lazar"]
[Black "Stefanovic, Milan"]
[Result "1-0"]
[WhiteElo "2240"]
[BlackElo "1996"]
[PlyCount "109"]
[EventDate "2009.11.24"]
[EventType "swiss"]
[EventRounds "9"]
[EventCountry "YUG"]
[SourceTitle "CBM 133 Extra"]
[Source "ChessBase"]
[SourceDate "2010.01.05"]
[SourceVersion "1"]
[SourceVersionDate "2010.01.05"]
[SourceQuality "1"]

1. e4 d6 2. d4 Nf6 3. Nc3 e5 4. Nf3 Nbd7 5. Bc4 Be7 6. 0-0 0-0 7. Re1 c6 8. a4 a5 9. b3 Qc7 10. Bb2 b6 11. Bd3 exd4 12. Nxd4 Ne5 13. Be2 Re8 14. Qd2 Bf8 15. f4 Ng6 16. Bf1 Bd7 17. g3 Rad8 18. Bg2 Qc8 19. Qd3 h5 20. Rad1 h4 21. Bf3 hxg3 22. hxg3 Bg4 23. Kf2 Bxf3 24. Qxf3 d5 25. e5 Ng4+ 26. Kg2 c5 27. Nc6 Qxc6 28. Qxg4 d4+ 29. Ne4 Nxe5 30. fxe5 Rxe5 31. Qf3 Rde8 32. Nd2 Qg6 33. Rxe5 Rxe5 34. Qd3 Qg4 35. Qf3 Re2+ 36. Kf1 Qxf3+ 37. Nxf3 Rxc2 38. Rd2 Rxd2 39. Nxd2 Bd6 40. Kf2 f5 41. Nc4 Bc7 42. Bc1 Kf7 43. Bf4 Bd8 44. Bb8 Ke6 45. Ba7 Kd5 46. Bxb6 Bxb6 47. Nxb6+ Ke4 48. Nc4 Kd3 49. Nxa5 Kc3 50. Nc4 Kb4 51. Ke2 g5 52. Kd3 g4 53. Nd2 c4+ 54. bxc4 Kxa4 55. Kxd4 1-0

[Event "Belgrade op"]
[Site "Belgrade"]
[Date "2009.11.27"]
[Round "4"]
[White "Stefanovic, Milan"]
[Black "Popovic, Aleksandar M"]
[Result "1/2-1/2"]
[WhiteElo "1996"]
[BlackElo "2300"]
[PlyCount "70"]
[EventDate "2009.11.24"]
[EventType "swiss"]
[EventRounds "9"]
[EventCountry "YUG"]
[SourceTitle "CBM 133 Extra"]
[Source "ChessBase"]
[SourceDate "2010.01.05"]
[SourceVersion "1"]
[SourceVersionDate "2010.01.05"]
[SourceQuality "1"]

1. d4 Nf6 2. Nf3 g6 3. c4 Bg7 4. Nc3 0-0 5. e4 d6 6. Be2 e5 7. 0-0 Nc6 8. d5 Ne7 9. b4 c6 10. a4 a5 11. bxa5 c5 12. Nd2 Nd7 13. Nb5 Ra6 14. Qc2 f5 15. exf5 gxf5 16. Ra3 Ng6 17. Nf3 h6 18. Ne1 e4 19. Rg3 Nde5 20. f4 Ng4 21. Bxg4 fxg4 22. Qxe4 Bf5 23. Qe2 Rxa5 24. Rxg4 Bxg4 25. Qxg4 Qf6 26. Nd3 Rxb5 27. axb5 Qd4+ 28. Nf2 Nxf4 29. Bxf4 Rxf4 30. Qe6+ Kh8 31. g3 Rf6 32. Qe8+ Rf8 33. Qe2 Rf5 34. Qe8+ Rf8 35. Qe2 Rf5 1/2-1/2

[Event "Belgrade Trophy 21st"]
[Site "Obrenovac"]
[Date "2008.12.04"]
[Round "8"]
[White "Vujadinovic, Milan"]
[Black "Stefanovic, Milan"]
[Result "1-0"]
[WhiteElo "2204"]
[BlackElo "1987"]
[PlyCount "133"]
[EventDate "2008.11.27"]
[EventType "swiss"]
[EventRounds "9"]
[EventCountry "YUG"]
[SourceTitle "CBM 127 Extra"]
[Source "ChessBase"]
[SourceDate "2009.01.08"]
[SourceVersion "2"]
[SourceVersionDate "2009.01.28"]
[SourceQuality "1"]

1. Nf3 Nf6 2. g3 g6 3. Bg2 Bg7 4. 0-0 0-0 5. c4 d6 6. Nc3 e5 7. d3 Nc6 8. Rb1 a5 9. a3 h6 10. b4 axb4 11. axb4 Be6 12. b5 Ne7 13. Qb3 Qd7 14. Re1 Nh5 15. Nd2 Rab8 16. Nd5 f5 17. Ba3 b6 18. Bb2 f4 19. Nxe7+ Qxe7 20. Ne4 g5 21. Ra1 g4 22. Ra7 Rf7 23. Rea1 Rbf8 24. Ra8 f3 25. exf3 gxf3 26. Bf1 Qd7 27. Rxf8+ Bxf8 28. Qd1 Bg4 29. d4 Qf5 30. Bd3 Qe6 31. Rc1 Bg7 32. dxe5 Bxe5 33. Bxe5 Qxe5 34. Ra1 Kg7 35. Ra8 Qd4 36. Re8 Bd7 37. Rd8 Bf5 38. Qxf3 Qa1+ 39. Bf1 Bh3 40. Qc3+ Qxc3 41. Nxc3 Be6 42. Nd5 Bxd5 43. cxd5 Nf6 44. Bg2 Ng4 45. f4 Ne3 46. Bh3 Nc2 47. Kf2 Nd4 48. Bd7 Kf6 49. Bc6 Kg7 50. Rd7 Rxd7 51. Bxd7 Kf6 52. Ke3 Nc2+ 53. Ke4 Na1 54. g4 Nb3 55. Ke3 Nc5 56. Bc8 Na4 57. Kd4 Nc5 58. h4 Nb3+ 59. Ke3 Nc5 60. g5+ hxg5 61. hxg5+ Kg6 62. Bg4 Na4 63. Be2 Nc3 64. Bd3+ Kh5 65. Kd4 Na4 66. Bc2 Nc5 67. Ke3 1-0

[Event "Belgrade Trophy 20th"]
[Site "Belgrade"]
[Date "2007.11.28"]
[Round "7"]
[White "Stanojevic, Branko"]
[Black "Stefanovic, Milan"]
[Result "1-0"]
[WhiteElo "2300"]
[BlackElo "2017"]
[PlyCount "97"]
[EventDate "2007.11.22"]
[EventType "swiss"]
[EventRounds "9"]
[EventCountry "YUG"]
[SourceTitle "CBM 121 Extra"]
[Source "ChessBase"]
[SourceDate "2008.01.10"]
[SourceVersion "1"]
[SourceVersionDate "2008.01.10"]
[SourceQuality "1"]

1. d4 d5 2. c4 c6 3. Nc3 Nf6 4. Nf3 Bf5 5. Bf4 e6 6. e3 Nbd7 7. h3 Qb6 8. Qb3 Qxb3 9. axb3 h6 10. c5 a6 11. b4 Rc8 12. Nd2 Be7 13. Nb3 Bd8 14. Na5 Bxa5 15. bxa5 0-0 16. Bd6 Rfe8 17. f4 Ne4 18. Nxe4 Bxe4 19. Ra4 Ra8 20. Rb4 Ra7 21. Kf2 Rc8 22. Be2 Nf6 23. Rc1 Ne8 24. Rc3 Nc7 25. Bxc7 Rxc7 26. g4 g6 27. Rc1 Kg7 28. h4 f6 29. Bf3 Bxf3 30. Kxf3 f5 31. Rg1 Rf7 32. Rb3 fxg4+ 33. Rxg4 h5 34. Rg5 Ra8 35. Rd3 Raf8 36. Rd2 Rf5 37. Rdg2 R8f6 38. b4 Kh7 39. b5 cxb5 40. Rc2 e5 41. dxe5 Rc6 42. Rxf5 gxf5 43. Ke2 b4 44. Kd3 b3 45. Rb2 Rxc5 46. Rxb3 Rxa5 47. Rxb7+ Kg6 48. Rb6+ Kg7 49. Kd4 1-0

[Event "Belgrade Winter op"]
[Site "Belgrade"]
[Date "2007.01.29"]
[Round "6"]
[White "Stefanovic, Milan"]
[Black "Lukovic, Vladimir"]
[Result "1/2-1/2"]
[WhiteElo "2044"]
[BlackElo "1847"]
[PlyCount "92"]
[EventDate "2007.01.24"]
[EventType "swiss"]
[EventRounds "9"]
[EventCountry "YUG"]
[SourceTitle "EXT 2010"]
[Source "ChessBase"]
[SourceDate "2010.11.25"]
[SourceVersion "1"]
[SourceVersionDate "2010.11.25"]
[SourceQuality "1"]

1. d4 Nf6 2. Nf3 g6 3. c4 Bg7 4. Nc3 d6 5. e4 0-0 6. Be2 e5 7. 0-0 Nc6 8. d5 Ne7 9. b4 a5 10. bxa5 Rxa5 11. Nd2 Nd7 12. Nb3 Ra8 13. Be3 b6 14. a4 f5 15. f3 Nc5 16. a5 Nxb3 17. Qxb3 bxa5 18. c5 fxe4 19. fxe4 Rxf1+ 20. Rxf1 Kh8 21. cxd6 cxd6 22. Bb6 Qd7 23. Bb5 Qb7 24. Bd8 Ng8 25. Bh4 Bd7 26. Rf7 Rf8 27. Rxf8 Bxf8 28. Qc4 Bxb5 29. Nxb5 Be7 30. Bf2 Nf6 31. Qc6 Qb8 32. Ba7 Qf8 33. Qc4 Qe8 34. h3 Nxe4 35. Bb6 Nf6 36. Bxa5 Qa8 37. Bb4 Qxd5 38. Qxd5 Nxd5 39. Bxd6 Bxd6 40. Nxd6 Kg7 41. Kf2 Kf6 42. Kf3 Nc3 43. Nc4 Ke6 44. Ke3 Nb5 45. Nb6 Nd6 46. Kf3 Kf5 1/2-1/2